[Event "BdF-Diamant 06 email"]
[Site "GER email"]
[Date "2015.06.25"]
[Round "?"]
[White "Dimitrov, Deyan"]
[Black "Rosenova Marinova, Kremena"]
[Result "1/2-1/2"]
[WhiteElo "2341"]
[BlackElo "2258"]
[PlyCount "34"]
[EventDate "2015.??.??"]
[EventType "tourn (corr)"]
[EventRounds "12"]
[EventCountry "GER"]
[SourceTitle "Corr 2017"]
[Source "ChessBase"]
[SourceDate "2017.09.19"]
[SourceVersion "1"]
[SourceVersionDate "2017.09.19"]
[SourceQuality "1"]

1. e4 c5 2. Nf3 Nc6 3. d4 cxd4 4. Nxd4 Nf6 5. Nc3 e5 6. Ndb5 d6 7. Bg5 a6 8. Na3 b5 9. Nd5 Be7 10. Bxf6 Bxf6 11. c4 b4 12. Nc2 a5 13. g3 0-0 14. Bg2 Bg5 15. 0-0 Ne7 16. Nce3 Be6 17. Qd3 Bxe3 1/2-1/2

[Event "BdF-Diamant 06 email"]
[Site "GER email"]
[Date "2015.06.25"]
[Round "?"]
[White "Halliwell, Toni"]
[Black "Rosenova Marinova, Kremena"]
[Result "1/2-1/2"]
[WhiteElo "2325"]
[BlackElo "2258"]
[PlyCount "34"]
[EventDate "2015.??.??"]
[EventType "tourn (corr)"]
[EventRounds "12"]
[EventCountry "GER"]
[SourceTitle "Corr 2017"]
[Source "ChessBase"]
[SourceDate "2017.09.19"]
[SourceVersion "1"]
[SourceVersionDate "2017.09.19"]
[SourceQuality "1"]

1. d4 Nf6 2. c4 g6 3. Nc3 Bg7 4. e4 d6 5. Be2 0-0 6. Nf3 e5 7. 0-0 Nc6 8. d5 Ne7 9. b4 Nh5 10. Re1 f5 11. Ng5 Nf6 12. Bf3 c6 13. Be3 h6 14. Ne6 Bxe6 15. dxe6 f4 16. Bc1 Nc8 17. b5 Qe7 1/2-1/2

[Event "BdF-Diamant 06 email"]
[Site "GER email"]
[Date "2015.06.25"]
[Round "?"]
[White "Koch, Hans Georg"]
[Black "Rosenova Marinova, Kremena"]
[Result "1/2-1/2"]
[WhiteElo "2257"]
[BlackElo "2258"]
[PlyCount "38"]
[EventDate "2015.??.??"]
[EventType "tourn (corr)"]
[EventRounds "12"]
[EventCountry "GER"]
[SourceTitle "Corr 2017"]
[Source "ChessBase"]
[SourceDate "2017.09.19"]
[SourceVersion "1"]
[SourceVersionDate "2017.09.19"]
[SourceQuality "1"]

1. Nf3 c5 2. c4 g6 3. g3 Bg7 4. Bg2 e5 5. Nc3 Ne7 6. 0-0 0-0 7. d3 Nbc6 8. a3 d6 9. Rb1 a5 10. Bd2 Rb8 11. Ne1 Be6 12. Nc2 d5 13. cxd5 Nxd5 14. Nxd5 Bxd5 15. Bxd5 Qxd5 16. b4 axb4 17. axb4 b6 18. bxc5 bxc5 19. Ne3 Qe6 1/2-1/2

[Event "BdF-Diamant 06 email"]
[Site "GER email"]
[Date "2015.06.25"]
[Round "?"]
[White "Rosenova Marinova, Kremena"]
[Black "Walther, Joachim"]
[Result "1/2-1/2"]
[WhiteElo "2258"]
[BlackElo "2265"]
[PlyCount "52"]
[EventDate "2015.??.??"]
[EventType "tourn (corr)"]
[EventRounds "12"]
[EventCountry "GER"]
[SourceTitle "Corr 2017"]
[Source "ChessBase"]
[SourceDate "2017.09.19"]
[SourceVersion "1"]
[SourceVersionDate "2017.09.19"]
[SourceQuality "1"]

1. e4 c5 2. Nf3 d6 3. d4 cxd4 4. Nxd4 Nf6 5. Nc3 a6 6. h3 g6 7. g4 Bg7 8. Bg2 0-0 9. Be3 Nc6 10. Qd2 Bd7 11. 0-0-0 Rc8 12. f4 b5 13. e5 b4 14. Nce2 Ne8 15. Kb1 Qc7 16. Nb3 Nb8 17. Nec1 dxe5 18. Qf2 exf4 19. Bb6 Qe5 20. Nd3 Qg5 21. Nxf4 Bc6 22. Nd5 Bxd5 23. Rxd5 Qf6 24. Qxf6 Nxf6 25. Ra5 Nfd7 26. Be3 Be5 1/2-1/2

[Event "BdF-Diamant 05 email"]
[Site "GER email"]
[Date "2014.06.25"]
[Round "?"]
[White "Levandovska, Vira"]
[Black "Rosenova Marinova, Kremena"]
[Result "1/2-1/2"]
[WhiteElo "2160"]
[BlackElo "2266"]
[PlyCount "24"]
[EventDate "2014.??.??"]
[EventType "tourn (corr)"]
[EventRounds "16"]
[EventCountry "GER"]
[SourceTitle "Corr 2017"]
[Source "ChessBase"]
[SourceDate "2017.09.19"]
[SourceVersion "1"]
[SourceVersionDate "2017.09.19"]
[SourceQuality "1"]

1. e4 e5 2. Nf3 Nc6 3. Bb5 Nf6 4. Nc3 Nd4 5. Nxd4 exd4 6. e5 dxc3 7. exf6 Qxf6 8. dxc3 Qe5+ 9. Qe2 Qxe2+ 10. Bxe2 d5 11. Be3 Be6 12. g3 c6 1/2-1/2

[Event "BdF-Diamant 05 email"]
[Site "GER email"]
[Date "2014.06.25"]
[Round "?"]
[White "Rosenova Marinova, Kremena"]
[Black "Babulova, Mariola"]
[Result "1/2-1/2"]
[WhiteElo "2266"]
[BlackElo "2153"]
[PlyCount "45"]
[EventDate "2014.??.??"]
[EventType "tourn (corr)"]
[EventRounds "16"]
[EventCountry "GER"]
[SourceTitle "Corr 2015"]
[Source "ChessBase"]
[SourceDate "2015.07.17"]
[SourceVersion "1"]
[SourceVersionDate "2015.07.17"]
[SourceQuality "1"]

1. e4 e5 2. Nf3 Nc6 3. Bc4 Bc5 4. c3 Nf6 5. d3 d6 6. 0-0 0-0 7. h3 h6 8. b4 Bb6 9. a4 a5 10. b5 Ne7 11. Nbd2 Ng6 12. d4 Re8 13. Re1 exd4 14. cxd4 d5 15. exd5 Rxe1+ 16. Qxe1 Nxd5 17. Nb3 Be6 18. Bd2 Qf6 19. Rc1 Qf5 20. Kh2 Rd8 21. Nxa5 Bxa5 22. Bxa5 Ra8 23. Bd2 1/2-1/2

[Event "BdF-Diamant 05 email"]
[Site "GER email"]
[Date "2014.06.25"]
[Round "?"]
[White "Rosenova Marinova, Kremena"]
[Black "Koch, Daniela"]
[Result "1-0"]
[WhiteElo "2266"]
[BlackElo "2092"]
[PlyCount "25"]
[EventDate "2014.??.??"]
[EventType "tourn (corr)"]
[EventRounds "16"]
[EventCountry "GER"]
[SourceTitle "Corr 2015"]
[Source "ChessBase"]
[SourceDate "2015.07.17"]
[SourceVersion "1"]
[SourceVersionDate "2015.07.17"]
[SourceQuality "1"]

1. e4 c5 2. Nf3 d6 3. d4 cxd4 4. Nxd4 Nf6 5. Nc3 a6 6. h3 e6 7. g4 b5 8. Bg2 Bb7 9. 0-0 Nfd7 10. f4 Be7 11. f5 e5 12. f6 exd4 13. fxe7 1-0

[Event "BdF-Diamant 05 email"]
[Site "GER email"]
[Date "2014.06.25"]
[Round "?"]
[White "Rosenova Marinova, Kremena"]
[Black "Marin, Irina Luiza"]
[Result "1-0"]
[WhiteElo "2266"]
[BlackElo "2216"]
[PlyCount "93"]
[EventDate "2014.??.??"]
[EventType "tourn (corr)"]
[EventRounds "16"]
[EventCountry "GER"]
[SourceTitle "Corr 2017"]
[Source "ChessBase"]
[SourceDate "2017.09.19"]
[SourceVersion "1"]
[SourceVersionDate "2017.09.19"]
[SourceQuality "1"]

1. e4 d6 2. d4 Nf6 3. Nc3 g6 4. f4 Bg7 5. Nf3 0-0 6. Bd3 Na6 7. 0-0 c5 8. d5 Bg4 9. Bc4 Nc7 10. h3 Bxf3 11. Qxf3 e6 12. dxe6 fxe6 13. Be3 b6 14. Rad1 Qe7 15. Bf2 Nd7 16. Qe3 Rad8 17. a4 Kh8 18. Ba2 a6 19. Qd2 Nb8 20. Ne2 Nc6 21. c3 d5 22. Qc2 b5 23. Bb1 c4 24. h4 e5 25. exd5 Nxd5 26. Qe4 Qe6 27. Bc5 Rf6 28. Rd2 Nxf4 29. Rxd8+ Nxd8 30. Nxf4 Rxf4 31. Rxf4 exf4 32. h5 Qxe4 33. Bxe4 Ne6 34. Bd6 bxa4 35. Bd5 Bf8 36. Bxf8 Nxf8 37. h6 Nd7 38. Bxc4 g5 39. Bf7 Nc5 40. Kf1 g4 41. Ke2 Ne4 42. c4 a5 43. Bd5 Nc5 44. Kd2 Na6 45. Be6 g3 46. Bd5 Nc7 47. Kd3 1-0

[Event "BdF-Diamant 05 email"]
[Site "GER email"]
[Date "2014.06.25"]
[Round "?"]
[White "Rosenova Marinova, Kremena"]
[Black "Shchebenyuk, Nina Grigoryevna"]
[Result "1/2-1/2"]
[WhiteElo "2266"]
[BlackElo "2136"]
[PlyCount "53"]
[EventDate "2014.??.??"]
[EventType "tourn (corr)"]
[EventRounds "16"]
[EventCountry "GER"]
[SourceTitle "Corr 2015"]
[Source "ChessBase"]
[SourceDate "2015.07.17"]
[SourceVersion "1"]
[SourceVersionDate "2015.07.17"]
[SourceQuality "1"]

1. e4 e6 2. d4 d5 3. Nc3 Nf6 4. Bg5 dxe4 5. Nxe4 Nbd7 6. Nf3 h6 7. Bxf6 Nxf6 8. Bd3 Nxe4 9. Bxe4 c5 10. Qe2 Qa5+ 11. c3 cxd4 12. Nxd4 Be7 13. Qb5+ Qxb5 14. Nxb5 Rb8 15. 0-0-0 Bc5 16. Rd2 Bd7 17. Nd6+ Bxd6 18. Rxd6 Ke7 19. Rhd1 Rhd8 20. f4 b6 21. b3 Be8 22. Rxd8 Rxd8 23. Rxd8 Kxd8 24. Kd2 Kc7 25. Ke3 Kd6 26. Kd4 f6 27. c4 1/2-1/2